Information systems essentials / (Record no. 8225)

MARC details
000 -LEADER
fixed length control field 01040nac a22002651u 4500
010 ## - LIBRARY OF CONGRESS CONTROL NUMBER
LC control number 2006027122
020 ## - INTERNATIONAL STANDARD BOOK NUMBER
International Standard Book Number 9780073511528 (alk. paper)
020 ## - INTERNATIONAL STANDARD BOOK NUMBER
International Standard Book Number 0073511528 (alk. paper)
082 00 - DEWEY DECIMAL CLASSIFICATION NUMBER
Classification number 658.40380
Item number HAA
090 ## - LOCALLY ASSIGNED LC-TYPE CALL NUMBER (OCLC); LOCAL CALL NUMBER (OCLC)
-- 8225
-- 8225
100 ## - MAIN ENTRY--PERSONAL NAME
Personal name Haag, Stephen.
245 10 - TITLE STATEMENT
Title Information systems essentials /
Statement of responsibility, etc Stephen Haag, Maeve Cummings.
250 ## - EDITION STATEMENT
Edition statement 2nd ed.
260 ## - PUBLICATION, DISTRIBUTION, ETC. (IMPRINT)
Place of publication, distribution, etc Boston :
Name of publisher, distributor, etc McGraw-Hill/Irwin,c.2008.
Date of publication, distribution, etc c.2008.
300 ## - PHYSICAL DESCRIPTION
Extent xxxi, 490 p. :
Other physical details ill. (some col.) ;
Dimensions 28 cm. +
Accompanying material 1 CD-ROM (4 3/4 in.)
500 ## - GENERAL NOTE
General note Includes bibliographical references and index.
500 ## - GENERAL NOTE
General note Distributer: Al-Ahram.
511 ## - PARTICIPANT OR PERFORMER NOTE
Participant or performer note Catalogued By: Mahitab.
650 #0 - SUBJECT ADDED ENTRY--TOPICAL TERM
Topical term or geographic name as entry element Management information systems.
650 #0 - SUBJECT ADDED ENTRY--TOPICAL TERM
Topical term or geographic name as entry element Information technology.
700 1# - ADDED ENTRY--PERSONAL NAME
Personal name Cummings, Maeve.
856 41 - ELECTRONIC LOCATION AND ACCESS
Materials specified Table of contents only
Uniform Resource Identifier <a href="http://www.loc.gov/catdir/toc/ecip0619/2006027122.html">http://www.loc.gov/catdir/toc/ecip0619/2006027122.html</a>
942 ## - ADDED ENTRY ELEMENTS (KOHA)
Item type Book - Borrowing
Call number prefix 658.40380HAA
Holdings
Withdrawn status Item status Damaged status Not for loan Home library Current library Shelving location Date acquired Source of acquisition Total Checkouts Total Renewals Full call number Barcode Date last seen Date last borrowed Koha item type
        Central Library Central Library First floor 28/02/2008 Purchase 5 18 658.40380HAA 000009949 15/07/2025 21/02/2018 Book - Borrowing